ମା ପରି କିଏ ହେବ କି?Maa pari kie heba ki ? (Record no. 33843)
[ view plain ]
| 000 -LEADER | |
|---|---|
| fixed length control field | 00552nam a22002057a 4500 |
| 005 - DATE & TIME | |
| control field | 20250513110630.0 |
| 008 - FIXED-LENGTH DATA ELEMENTS--GENERAL INFORMATION | |
| fixed length control field | 230227b |||||||| |||| 00| 0 hin d |
| 020 ## - ISBN | |
| International Standard Book Number | 9788177120288 |
| 040 ## - CATALOGING SOURCE | |
| Original cataloging agency | NISER LIBRARY |
| 041 ## - Language | |
| Language | Odia |
| 082 ## - UDC Number | |
| Classification number | 82-14 |
| Book Number | MAH-M |
| 100 ## - MAIN ENTRY--PERSONAL NAME | |
| Personal name | Mohanty, Durgacharan |
| 245 ## - TITLE STATEMENT | |
| Title | ମା ପରି କିଏ ହେବ କି?Maa pari kie heba ki ? |
| 250 ## - EDITION STATEMENT | |
| Edition statement | 2nd ed. |
| 260 ## - PUBLICATION, DISTRIBUTION, ETC. (IMPRINT) | |
| Place of publication, distribution, etc | Cuttack: |
| Name of publisher, distributor, etc | Cuttack students store, |
| Date of publication, distribution, etc | 2020 |
| 300 ## - PHYSICAL DESCRIPTION | |
| Pages | 32p. |
| Other Details | Pb. |
| 650 ## - Subject | |
| Subject | LYRIC POEMS |
| 650 ## - Subject | |
| Subject | ODIA LITERATURE |
| 942 ## - ADDED ENTRY ELEMENTS (KOHA) | |
| Koha item type | Odia Collection |
| Withdrawn status | Lost status | Source of classification or shelving scheme | Damaged status | Not for loan | Location (home branch) | Sublocation or collection (holding branch) | Date acquired | Source of acquisition | Koha issues (times borrowed) | Koha full call number | Barcode (Accession No.) | Koha date last seen | Price effective from | Koha item type |
|---|---|---|---|---|---|---|---|---|---|---|---|---|---|---|
| Universal Decimal Classification | NISER LIBRARY | NISER LIBRARY | 23/02/2023 | NISER/LIB/BK/PO/2022-23/48;27/01/2023 ; SARAT BOOKS HOUSE PVT LTD; SBHPL/INV/1581;17/02/2023;INR40 | 82-14 MAH-M | 24278 | 24/11/2025 | 27/02/2023 | Odia Collection |